[Event "20th European Teams Women"]
[Site "Reykjavik ISL"]
[Date "2015.11.13"]
[Round "1.9"]
[Board "1"]
[White "Mueller-Seps, Monika"]
[Black "Lazarne Vajda, Szidonia"]
[Result "1-0"]
[WhiteTitle "WGM"]
[BlackTitle "IM"]
[WhiteElo "2272"]
[BlackElo "2358"]
[WhiteTeam "Switzerland"]
[BlackTeam "Hungary"]
[WhiteFideId "1308521"]
[BlackFideId "723894"]
[EventDate "2015.11.13"]

1. d4 d6 2. e4 Nf6 3. Nc3 e5 4. Nge2 Be7 5. g3 O-O 6. Bg2 c6 7. a4 a5 8. h3 Na6
9. Be3 Re8 10. O-O Bd7 11. g4 h6 12. Qd2 Nb4 13. Ng3 Nh7 14. f4 exf4 15. Bxf4
Bg5 16. Rf2 Bxf4 17. Rxf4 Qh4 18. Nce2 Rf8 19. Raf1 Rae8 20. c3 Na6 21. Nf5 Bxf5
22. gxf5 Qf6 23. Ng3 Qg5 24. Qf2 h5 25. h4 Qh6 26. Re1 Nf6 27. e5 Ng4 28. Rxg4
hxg4 29. f6 g6 30. h5 dxe5 31. hxg6 fxg6 32. dxe5 Nc7 33. Qd4 Qg5 34. Re4 Rd8
35. Qc4+ Rf7 36. e6 Rd1+ 37. Bf1 Qxf6 38. exf7+ Qxf7 39. Qe2 Qf3 40. Qc4+ Nd5
41. Rxg4 Rd2 42. Be2 Qe3+ 43. Kh2 Rxb2 44. Rxg6+ Kf7 45. Rg4 Rb1 46. Rh4 Qf2+
47. Kh3 Rg1 48. Bh5+ Kf8 49. Qd3 Qg2+ 50. Kg4 Nf6+ 51. Kf5 Nd5 52. Kg4 Nf6+ 53.
Kg5 Qxg3+ 54. Qxg3 Rxg3+ 55. Kxf6 Rxc3 1-0

[Event "20th European Teams Women"]
[Site "Reykjavik ISL"]
[Date "2015.11.13"]
[Round "1.9"]
[Board "2"]
[White "Rudolf, Anna"]
[Black "Heinatz, Gundula"]
[Result "1/2-1/2"]
[WhiteTitle "IM"]
[BlackTitle "WIM"]
[WhiteElo "2341"]
[BlackElo "2204"]
[WhiteTeam "Hungary"]
[BlackTeam "Switzerland"]
[WhiteFideId "722855"]
[BlackFideId "4612434"]
[EventDate "2015.11.13"]

1. e4 e6 2. d4 d5 3. Nc3 Nc6 4. Nf3 Nf6 5. Bd3 Bb4 6. O-O Bxc3 7. exd5 exd5 8.
bxc3 O-O 9. Bg5 Qd6 10. Qc1 Ne4 11. Bf4 Qf6 12. Bxc7 Nxc3 13. Re1 Bg4 14. Ne5
Bf5 15. Qb2 Ne4 16. c4 Rac8 17. cxd5 Ne7 18. Bxe4 Rxc7 19. Bxf5 Nxf5 20. Rac1
Rxc1 21. Rxc1 Rd8 22. Qxb7 Nxd4 23. Rc8 h6 24. Rxd8+ Qxd8 25. Qxf7+ Kh7 26. Qg6+
Kg8 27. d6 Qa5 28. Qe8+ Kh7 29. Qg6+ Kg8 30. Qe4 Qc5 31. Qa8+ Kh7 32. Qe4+ Kg8
33. h4 Qxd6 34. Qa8+ Kh7 35. Qe4+ Kg8 36. h5 Ne6 37. Qf5 Ng5 38. Kh2 Qd1 39.
Qc8+ Kh7 40. Qf5+ Kg8 41. f4 Qxh5+ 42. Kg3 Qe2 43. fxg5 Qe1+ 44. Kh2 Qh4+ 45.
Qh3 Qxg5 46. Nf3 Qa5 47. Qe6+ Kh7 48. Qe4+ Kh8 49. a4 Qh5+ 50. Kg3 a5 51. Qe5
Qg6+ 52. Kh2 Qb6 53. Nd4 Qb2 54. Qe8+ Kh7 55. Qe4+ Kh8 56. Nc6 Qd2 57. Qe8+ Kh7
58. Qe4+ Kh8 59. Qd4 Qe1 60. Ne5 Kh7 61. Qd3+ Kg8 62. Ng6 Qe8 63. Qd5+ Kh7 64.
Nf4 Qxa4 65. Qf5+ Kg8 66. Qe6+ Kh7 67. Kg3 Qc2 68. Qd5 Qc7 69. Qf5+ Kg8 70. Qe6+
Kh7 71. Kg4 Qd8 72. Qg6+ Kg8 73. Qe6+ Kh7 74. Qe4+ Kg8 75. Qc4+ Kh8 76. Ne6 Qd1+
77. Kf4 Qd2+ 78. Kf5 Qf2+ 79. Nf4 Kh7 80. Qe4 Qc5+ 81. Ke6+ Kg8 82. Nd5 Qc6+ 83.
Kf5 Kh8 84. Qe5 Qc2+ 85. Ke6 Qxg2 86. Kf7 Qf3+ 87. Nf4 Qb7+ 88. Kg6 Qb1+ 89. Kh5
Qh1+ 90. Kg4 Qg1+ 91. Kh5 Qg5+ 92. Qxg5 hxg5 93. Kxg5 a4 94. Nd3 Kg8 95. Kg6 a3
96. Nc1 Kf8 97. Na2 Ke7 98. Kxg7 Ke6 99. Kg6 Ke5 100. Kg5 Kd4 101. Kf4 Kd3 102.
Kf3 Kc2 103. Ke2 Kb2 104. Kd2 Kxa2 105. Kc2 1/2-1/2

[Event "20th European Teams Women"]
[Site "Reykjavik ISL"]
[Date "2015.11.13"]
[Round "1.9"]
[Board "3"]
[White "De Seroux, Camille"]
[Black "Papp, Petra"]
[Result "0-1"]
[WhiteTitle "WFM"]
[BlackTitle "WGM"]
[WhiteElo "2053"]
[BlackElo "2303"]
[WhiteTeam "Switzerland"]
[BlackTeam "Hungary"]
[WhiteFideId "1305620"]
[BlackFideId "739049"]
[EventDate "2015.11.13"]

1. e4 c5 2. Nf3 d6 3. d4 cxd4 4. Nxd4 Nf6 5. Nc3 a6 6. Bc4 e6 7. a4 Be7 8. O-O
O-O 9. Be3 Nc6 10. Qe2 Bd7 11. Rad1 Rc8 12. f4 Qc7 13. Ba2 Nxd4 14. Rxd4 Bc6 15.
Bb3 e5 16. Rd2 Nxe4 17. Nxe4 Bxe4 18. fxe5 dxe5 19. Qg4 Qc6 20. Rdf2 Bg6 21. h4
h5 22. Qg3 Qe4 23. Qh3 Qg4 24. Qh2 Qe4 25. Rf3 Kh7 26. c3 f5 27. Bg5 Bc5+ 28.
Kh1 f4 29. Rd1 Qe2 30. Rff1 Qxb2 31. Be6 Rc6 32. Qh3 Be4 33. Bd5 Bxd5 34. Qd3+
Rg6 35. Qxd5 Be3 36. Qxe5 Qb3 37. Be7 Rf7 38. Rd6 Rxd6 39. Bxd6 g6 40. Qe8 Qc4
41. Re1 f3 42. Qxe3 f2 43. Bg3 fxe1=Q+ 44. Bxe1 Rf1+ 45. Kh2 Qf4+ 46. Qxf4 Rxf4
47. a5 Ra4 0-1

[Event "20th European Teams Women"]
[Site "Reykjavik ISL"]
[Date "2015.11.13"]
[Round "1.9"]
[Board "4"]
[White "Gara, Ticia"]
[Black "Stoeri, Laura"]
[Result "1/2-1/2"]
[WhiteTitle "WGM"]
[BlackTitle "WFM"]
[WhiteElo "2353"]
[BlackElo "2115"]
[WhiteTeam "Hungary"]
[BlackTeam "Switzerland"]
[WhiteFideId "717444"]
[BlackFideId "1304313"]
[EventDate "2015.11.13"]

1. e4 e5 2. Nf3 Nc6 3. Bb5 a6 4. Ba4 Nf6 5. O-O Be7 6. d3 d6 7. c3 O-O 8. Re1
Nd7 9. Bc2 Nb6 10. Nbd2 f5 11. exf5 Bxf5 12. d4 Bxc2 13. Qxc2 exd4 14. cxd4 Kh8
15. Ne4 Rxf3 16. gxf3 Nxd4 17. Qd3 c5 18. Ng3 Qf8 19. Kg2 Qf7 20. Qe4 Bf6 21.
Be3 Rf8 22. Bxd4 Bxd4 23. Qf5 Qg8 24. Qe4 Qf7 25. Qf5 Qg8 26. Qe4 Qf7 27. Qf5
Qe8 1/2-1/2

[Event "20th European Teams Women"]
[Site "Reykjavik ISL"]
[Date "2015.11.13"]
[Round "1.10"]
[Board "2"]
[White "Zaksaite, Salomeja"]
[Black "De Jong-Muhren, Bianca"]
[Result "1-0"]
[WhiteTitle "WIM"]
[BlackTitle "WGM"]
[WhiteElo "2196"]
[BlackElo "2312"]
[WhiteTeam "Lithuania"]
[BlackTeam "Netherlands"]
[WhiteFideId "12801496"]
[BlackFideId "1008498"]
[EventDate "2015.11.13"]

1. e4 c5 2. Nf3 e6 3. d4 cxd4 4. Nxd4 Nc6 5. Nc3 Qc7 6. Be3 a6 7. Bd3 Nf6 8. Qe2
Bb4 9. O-O O-O 10. f4 d6 11. Nb3 Na5 12. Na4 Nxb3 13. cxb3 b5 14. Rac1 Qd8 15.
Nb6 Rb8 16. e5 dxe5 17. fxe5 Nd5 18. Nxd5 Qxd5 19. Ba7 Rb7 20. Be4 Qd2 21. Qxd2
Bxd2 22. Rxc8 Rxc8 23. Bxb7 Rc7 24. Rd1 Bg5 25. Bxa6 Rxa7 26. Rd6 g6 27. a4 b4
28. Bc4 Ra5 29. Ra6 Rxe5 30. Ra8+ Kg7 31. a5 h5 32. a6 h4 33. Rb8 Be7 34. Rb7
Kf6 35. Kf1 Ra5 36. Ke2 Bd6 37. Kf3 g5 38. h3 Kg6 39. Bd3+ Kf6 40. Rb6 Ke5 41.
Kg4 Bc5 42. Rc6 Kf6 43. Rc7 Bd6 44. Rb7 Bc5 45. Bb5 Bd4 46. Be8 Rxa6 47. Rxf7+
Ke5 48. Kxg5 Ra8 49. Bc6 Rh8 50. Rb7 Bc5 51. Bf3 Be3+ 52. Kg6 Bc5 53. Rc7 Bd6
54. Rc4 Be7 55. Re4+ Kd6 56. Rxb4 Rg8+ 57. Kf7 Rf8+ 58. Kg7 Rf5 59. Rb6+ Ke5 60.
Bg4 Rf6 61. b4 Bf8+ 62. Kg8 Bd6 63. Bf3 Rf4 64. b5 Rb4 65. Rb7 Rxb2 66. Bc6 Bc5
67. Rh7 Bf2 68. Kf7 Kd6 69. Ke8 Rb4 70. Rd7+ Ke5 71. Rd2 Be3 72. Rd3 Bb6 73. Ra3
Bf2 74. Kd7 Rd4+ 75. Kc7 Rb4 76. Rf3 Bg1 77. Rf1 Bc5 78. Bd7 Kd5 79. Bc6+ Ke5
80. Re1+ Kf6 81. Re4 Rxe4 82. Bxe4 Ke5 83. Bc6 Kf4 84. b6 Bd4 85. b7 Be5+ 86.
Kc8 Bd6 87. b8=Q Bxb8 88. Kxb8 e5 89. Kc7 e4 90. Kd6 e3 91. Bf3 Kg3 92. Ke5 e2
93. Bxe2 Kxg2 94. Bg4 Kf2 95. Kf4 Kg2 96. Bc8 Kf2 97. Kg4 Ke3 98. Kxh4 Kf4 99.
Bg4 Ke5 100. Kg5 Kd6 101. Kf6 Kc7 102. h4 1-0

[Event "20th European Teams Women"]
[Site "Reykjavik ISL"]
[Date "2015.11.13"]
[Round "1.10"]
[Board "3"]
[White "Lanchava, Tea"]
[Black "Batyte, Daiva"]
[Result "1-0"]
[WhiteTitle "IM"]
[BlackTitle "WFM"]
[WhiteElo "2274"]
[BlackElo "2147"]
[WhiteTeam "Netherlands"]
[BlackTeam "Lithuania"]
[WhiteFideId "1005308"]
[BlackFideId "12801860"]
[EventDate "2015.11.13"]

1. d4 Nf6 2. Nf3 g6 3. c4 Bg7 4. Nc3 d6 5. e4 O-O 6. Be2 c5 7. d5 a6 8. a4 Nbd7
9. O-O Rb8 10. h3 Ne5 11. Ne1 Ned7 12. Bf4 Ne8 13. Qd2 Nc7 14. Bh6 Qe8 15. Bxg7
Kxg7 16. f4 b5 17. cxb5 axb5 18. Nxb5 Na6 19. f5 Nf6 20. fxg6 fxg6 21. Qc3 Kg8
22. Nxd6 exd6 23. Rxf6 Rxf6 24. Qxf6 Qxe4 25. Bb5 Qe3+ 26. Kh2 Bxh3 27. gxh3
Qd2+ 28. Ng2 Qxd5 29. Bxa6 Rf8 30. Qc3 Qh5 31. Rf1 1-0

[Event "20th European Teams Women"]
[Site "Reykjavik ISL"]
[Date "2015.11.13"]
[Round "1.10"]
[Board "4"]
[White "Zykiene, Rita"]
[Black "Kazarian, Anna-Maja"]
[Result "0-1"]
[BlackTitle "WFM"]
[WhiteElo "1913"]
[BlackElo "2255"]
[WhiteTeam "Lithuania"]
[BlackTeam "Netherlands"]
[WhiteFideId "12801348"]
[BlackFideId "1033689"]
[EventDate "2015.11.13"]

1. d4 d5 2. c4 c6 3. e3 Nf6 4. Bd3 g6 5. Nc3 Bg7 6. Nf3 Bg4 7. Qb3 Bxf3 8. gxf3
Qb6 9. Qc2 Nbd7 10. Na4 Qc7 11. e4 dxc4 12. Bxc4 b5 13. e5 Nh5 14. Bb3 bxa4 15.
Bxa4 Rc8 16. Be3 Nb6 17. Rc1 Nxa4 18. Qxa4 O-O 19. Ke2 Qb7 20. b4 Qb5+ 21. Qxb5
cxb5 22. Rc5 Rxc5 23. bxc5 f6 24. e6 f5 25. d5 f4 26. Bc1 Bd4 27. c6 Bc5 28. Rd1
Rd8 29. Bb2 a5 30. Be5 Bd6 31. Bxd6 exd6 32. Kd3 Nf6 33. Kd4 Kf8 34. Rb1 b4 35.
a3 Rb8 36. axb4 axb4 37. Rb3 Rb5 38. Kc4 Rc5+ 39. Kxb4 Nxd5+ 40. Ka4 Rxc6 41.
Rd3 Nc7 42. h4 Nxe6 43. Rd5 Ke7 44. Kb4 Rc2 45. Ra5 Rxf2 46. Ra7+ Kf6 47. Rxh7
Rxf3 48. Kc4 Rh3 49. Kd5 f3 0-1

[Event "20th European Teams Women"]
[Site "Reykjavik ISL"]
[Date "2015.11.13"]
[Round "1.11"]
[Board "2"]
[White "Matnadze, Ana"]
[Black "De Blecourt, Sandra"]
[Result "1/2-1/2"]
[WhiteTitle "IM"]
[BlackTitle "WFM"]
[WhiteElo "2353"]
[BlackElo "2141"]
[WhiteTeam "Spain"]
[BlackTeam "Denmark"]
[WhiteFideId "13601377"]
[BlackFideId "1004948"]
[EventDate "2015.11.13"]

1. d4 Nf6 2. c4 e6 3. g3 d5 4. Bg2 Bb4+ 5. Bd2 Be7 6. Nf3 O-O 7. O-O c6 8. Qb3
b6 9. cxd5 cxd5 10. Na3 Nbd7 11. Rfc1 Bb7 12. Bf4 Rc8 13. Nb5 Rxc1+ 14. Rxc1 a6
15. Nd6 Qa8 16. Nxb7 Qxb7 17. Rc7 Qa8 18. Ne5 Nxe5 19. dxe5 Bd8 20. exf6 Bxc7
21. Bxc7 Qc6 22. fxg7 Kxg7 23. Qxb6 Qc1+ 24. Bf1 Rc8 25. Bf4 Qc4 26. h4 Qxa2 27.
Be5+ Kg6 28. Qe3 f6 29. h5+ Kf7 30. Qa7+ 1/2-1/2

[Event "20th European Teams Women"]
[Site "Reykjavik ISL"]
[Date "2015.11.13"]
[Round "1.12"]
[Board "2"]
[White "Bengtsson, Jessica"]
[Black "Vojinovic, Jovana"]
[Result "0-1"]
[BlackTitle "WGM"]
[WhiteElo "2040"]
[BlackElo "2295"]
[WhiteTeam "Sweden"]
[BlackTeam "Serbia"]
[WhiteFideId "1711083"]
[BlackFideId "937266"]
[EventDate "2015.11.13"]

1. e4 d5 2. exd5 Qxd5 3. Nc3 Qa5 4. d4 Nf6 5. Nf3 c6 6. Bc4 Bf5 7. Bd2 e6 8. Nd5
Qd8 9. Nxf6+ gxf6 10. Bb3 Nd7 11. Qe2 Qc7 12. Nh4 Bg6 13. O-O-O O-O-O 14. Nxg6
hxg6 15. g3 Bd6 16. h4 Kb8 17. Kb1 f5 18. c3 Rc8 19. h5 gxh5 20. Rxh5 Nf6 21.
Rh4 Rxh4 22. gxh4 Rh8 23. Rh1 c5 24. dxc5 Qxc5 25. h5 f4 26. h6 Qg5 27. Qd3 Bc7
28. h7 Qg2 29. Rh6 Qg7 30. Rh1 Rxh7 31. Rxh7 Qxh7 32. Kc2 a6 33. f3 Qh2 34. Bc4
Qf2 35. a4 Ne8 36. b4 Nd6 37. Kb3 e5 38. Bd5 f5 39. Bc1 e4 40. fxe4 fxe4 41. Qd4
Qxd4 42. cxd4 e3 43. Kc3 Nf5 44. Kd3 Bb6 45. a5 Ba7 46. Bb2 Bxd4 47. Bc1 Bg7 48.
Ke4 Ng3+ 49. Kf3 Bc3 0-1

[Event "20th European Teams Women"]
[Site "Reykjavik ISL"]
[Date "2015.11.13"]
[Round "1.12"]
[Board "3"]
[White "Chelushkina, Irina"]
[Black "Horn, Emilia"]
[Result "1-0"]
[WhiteTitle "WGM"]
[BlackTitle "WFM"]
[WhiteElo "2271"]
[BlackElo "1981"]
[WhiteTeam "Serbia"]
[BlackTeam "Sweden"]
[WhiteFideId "928615"]
[BlackFideId "1705385"]
[EventDate "2015.11.13"]

1. g3 c5 2. Bg2 Nc6 3. c4 e5 4. Nc3 g6 5. a3 a5 6. d3 Bg7 7. Rb1 Nge7 8. e3 d6
9. Nge2 O-O 10. O-O Rb8 11. Bd2 Be6 12. Ne4 b5 13. Ng5 Bg4 14. cxb5 Rxb5 15. Qa4
Bxe2 16. Qxb5 Bxf1 17. Kxf1 Qc7 18. h4 h6 19. Ne4 Kh7 20. Nc3 Rb8 21. Qa4 Qb6
22. Qc4 f5 23. h5 g5 24. g4 fxg4 25. Qxg4 Kh8 26. Qe6 Qc7 27. Ne4 Rd8 28. Bh3 d5
29. Nxc5 Rd6 30. Qg4 Nd8 31. b4 Ng8 32. Rc1 Nf6 33. Qe2 Rc6 34. Bf5 e4 35. dxe4
Qh2 36. Qf3 dxe4 37. Bxe4 g4 38. Qg2 Qxg2+ 39. Bxg2 Rd6 40. Ke2 axb4 41. Bxb4
Nxh5 42. Ne4 Rc6 43. Rh1 Nf6 44. Nxf6 Rxf6 45. Be7 Ra6 46. Bxd8 Rxa3 47. Rd1 Bc3
48. Bh4 Be5 49. Rd8+ Kg7 50. Bd5 Ra5 51. Kd3 h5 52. Rd7+ Kh8 53. Ke4 Bc3 54. Kf5
Ra6 55. e4 Ra3 56. e5 1-0

[Event "20th European Teams Women"]
[Site "Reykjavik ISL"]
[Date "2015.11.13"]
[Round "1.12"]
[Board "4"]
[White "Fransson, Angelina"]
[Black "Velikic, Adela"]
[Result "0-1"]
[WhiteElo "1980"]
[BlackElo "2322"]
[WhiteTeam "Sweden"]
[BlackTeam "Serbia"]
[WhiteFideId "1712632"]
[BlackFideId "913553"]
[EventDate "2015.11.13"]

1. e4 c5 2. Nf3 e6 3. d3 Nc6 4. Nbd2 d5 5. g3 Bd6 6. Bg2 Nge7 7. O-O O-O 8. Re1
Bc7 9. Qe2 Rb8 10. Nf1 d4 11. e5 Ng6 12. Ng5 Ncxe5 13. f4 Nd7 14. h4 Nf6 15. Nh2
Ne7 16. g4 Ng6 17. Rf1 Nxh4 18. Be4 Nxe4 19. Qxe4 Ng6 20. Nhf3 Qd5 21. Qe2 b6
22. Qh2 h6 23. Ne4 f5 24. c4 Qc6 25. gxf5 exf5 26. Ng3 Bb7 27. Nh5 Rbe8 28. Bd2
Re6 29. Rf2 Rfe8 30. Raf1 Nf8 31. Nh4 g6 32. Ng3 Nd7 33. Qh3 Kf7 34. Nf3 Kg7 35.
Rh2 h5 36. Ng5 Nf6 37. Nxe6+ Rxe6 38. Nxf5+ gxf5 39. Qxf5 Qe8 40. Qg5+ Kf8 41.
Qh6+ Ke7 42. Qg5 Kd7 43. Qg7+ Qe7 44. Qxe7+ Rxe7 45. Rh4 Rg7+ 46. Kf2 Ke6 47.
Rg1 Rxg1 48. Kxg1 Kf5 49. Kf2 Bc6 50. Kg3 Bd8 51. Rh2 Bd7 52. b4 Kg6 53. bxc5
bxc5 54. Be1 Bf5 55. Rd2 h4+ 56. Kg2 Kh5 57. Kf3 Bg4+ 58. Kg2 Ba5 0-1

[Event "20th European Teams Women"]
[Site "Reykjavik ISL"]
[Date "2015.11.13"]
[Round "1.13"]
[Board "1"]
[White "Goossens, Hanne"]
[Black "Mamedjarova, Zeinab"]
[Result "1-0"]
[WhiteTitle "WFM"]
[BlackTitle "WGM"]
[WhiteElo "2184"]
[BlackElo "2235"]
[WhiteTeam "Belgium"]
[BlackTeam "Azerbaijan"]
[WhiteFideId "200468"]
[BlackFideId "13401521"]
[EventDate "2015.11.13"]

1. e4 e5 2. Nf3 Nf6 3. Nxe5 d6 4. Nf3 Nxe4 5. Nc3 Nf6 6. d4 Be7 7. Bd3 O-O 8. h3
Re8 9. O-O Nbd7 10. Ne2 Nf8 11. Ng3 Ng6 12. Re1 c6 13. a4 a5 14. c3 Bf8 15. Bg5
Rxe1+ 16. Qxe1 h6 17. Bxf6 Qxf6 18. Nh5 Qd8 19. Qe3 Bd7 20. Nf4 Nh4 21. Nxh4
Qxh4 22. Qe4 g6 23. Bc4 Bf5 24. Qf3 Re8 25. Bd3 Bd7 26. Kf1 Qf6 27. Qg3 Qg5 28.
Qxg5 hxg5 29. Ne2 Be6 30. Ng1 Bd5 31. Nf3 Bh6 32. Nh2 f5 33. Nf3 Kf7 34. Nh2 Rh8
35. Kg1 Bg7 36. Re1 Bf6 37. Ra1 c5 38. dxc5 dxc5 39. Be2 Re8 40. Bb5 Re7 41. Rd1
Bb3 42. Rd7 Rxd7 43. Bxd7 Bc4 44. Nf3 Ke7 45. Nd2 Bd5 46. Bb5 Be5 47. Nc4 Bc7
48. Kf1 Be6 49. Ke2 Kf6 50. Ne3 g4 51. hxg4 f4 52. Nc4 Bxg4+ 53. f3 Bf5 54. Nd2
b6 55. Nc4 g5 56. Nd2 g4 57. fxg4 Bxg4+ 58. Nf3 Be6 59. Kd3 Kf5 60. Bc6 Kg4 61.
Nd2 Bf5+ 62. Ke2 Bd8 63. Ne4 c4 64. Nf2+ Kg3 65. Ne4+ Kh4 66. Nf2 Be7 67. Kf3
Bd6 68. Bd5 Bg6 69. Ne4 Bxe4+ 70. Kxe4 Kg3 71. Kd4 Kf2 72. Kxc4 Ke3 73. b4 axb4
74. cxb4 Bc7 75. Bf3 Bd8 76. Bd5 Bc7 77. Bf3 Bd8 78. Kb5 Kd3 79. a5 bxa5 80.
bxa5 Bh4 81. a6 Bf2 82. Kc6 Kc4 83. Kb7 Kd3 84. a7 Bxa7 85. Kxa7 1-0

[Event "20th European Teams Women"]
[Site "Reykjavik ISL"]
[Date "2015.11.13"]
[Round "1.13"]
[Board "2"]
[White "Mammadova, Gulnar"]
[Black "Morozova, Iuliia"]
[Result "1-0"]
[WhiteTitle "WGM"]
[BlackTitle "WFM"]
[WhiteElo "2303"]
[BlackElo "1995"]
[WhiteTeam "Azerbaijan"]
[BlackTeam "Belgium"]
[WhiteFideId "13403508"]
[BlackFideId "14104946"]
[EventDate "2015.11.13"]

1. e4 c5 2. Nf3 d6 3. d4 cxd4 4. Qxd4 Nc6 5. Bb5 Qa5+ 6. Nc3 Qxb5 7. Nxb5 Nxd4
8. Nfxd4 Kd8 9. c4 Nf6 10. f3 e5 11. Ne2 a6 12. Nbc3 Be6 13. b3 Rc8 14. a4 Nd7
15. O-O Be7 16. Be3 f5 17. exf5 Bxf5 18. Ne4 Kc7 19. N2c3 Nf6 20. Rfd1 Rhd8 21.
Rd2 Kb8 22. Nxf6 Bxf6 23. Rad1 Rc6 24. Nd5 Be6 25. Nb4 Rcc8 26. Bb6 Rd7 27. a5
Be7 28. Nd3 Bg5 29. Re2 Bf6 30. Nb4 h5 31. Kf2 Bd8 32. Bxd8 Rcxd8 33. Red2 g5
34. Nd5 Bxd5 35. Rxd5 Kc7 36. b4 b6 37. axb6+ Kxb6 38. Ke3 Kc6 39. Ra1 Kb6 40.
Rda5 Ra7 41. b5 Kc5 42. R1a4 Rb8 43. Rxa6 Rc7 44. Ra1 Rf8 45. Rd1 Rf6 46. Ra4
Kb6 47. Rd5 Kb7 48. Ra6 Rxc4 49. Rdxd6 Rxd6 50. Rxd6 Rc2 51. Rd2 Rc5 52. Rb2 Rc4
53. b6 g4 54. fxg4 hxg4 55. Kf2 Ra4 56. Kg3 Rc4 57. Re2 Kxb6 58. Rxe5 Kc6 59.
Rg5 Kd6 60. Rxg4 Rc3+ 61. Kh4 Ke6 62. Rf4 Rc2 63. Kg3 Rc3+ 64. Rf3 Rc8 65. h4
Rg8+ 66. Kh3 Rh8 67. g4 Ra8 68. h5 Ra1 69. Kh4 Rh1+ 70. Kg5 Ra1 71. h6 Ra8 72.
h7 Ra5+ 73. Kh6 1-0

[Event "20th European Teams Women"]
[Site "Reykjavik ISL"]
[Date "2015.11.13"]
[Round "1.13"]
[Board "3"]
[White "Barbier, Wiebke"]
[Black "Kazimova, Narmin"]
[Result "0-1"]
[BlackTitle "WGM"]
[WhiteElo "1980"]
[BlackElo "2323"]
[WhiteTeam "Belgium"]
[BlackTeam "Azerbaijan"]
[WhiteFideId "207977"]
[BlackFideId "13402951"]
[EventDate "2015.11.13"]

1. e4 c5 2. d3 Nc6 3. f4 g6 4. Nf3 Bg7 5. c3 d6 6. h3 Nf6 7. Be2 Rb8 8. O-O O-O
9. Na3 b5 10. Nc2 Bd7 11. Ne3 a6 12. Qe1 c4 13. dxc4 Nxe4 14. cxb5 axb5 15. Bd3
Nc5 16. Bc2 e6 17. a3 Bc8 18. Rb1 d5 19. Ng4 Qd6 20. Qh4 f6 21. Nh6+ Bxh6 22.
Qxh6 Ne4 23. Be3 Ne7 24. g4 Bd7 25. Rbd1 Qc7 26. Kg2 Rf7 27. Qh4 Rbf8 28. Bd3
Qb7 29. Qe1 Qb8 30. Bxe4 dxe4 31. Rxd7 exf3+ 32. Rxf3 Qc8 33. Qd1 Nd5 34. Rxf7
Rxf7 35. Qd3 Qc6 36. Bd4 Nxf4+ 37. Kg3 Nxd3 38. Rxd3 e5 39. Be3 Rd7 0-1

[Event "20th European Teams Women"]
[Site "Reykjavik ISL"]
[Date "2015.11.13"]
[Round "1.13"]
[Board "4"]
[White "Fataliyeva, Ulviyya"]
[Black "Barbier, Astrid"]
[Result "1-0"]
[WhiteTitle "WIM"]
[WhiteElo "2294"]
[BlackElo "1819"]
[WhiteTeam "Azerbaijan"]
[BlackTeam "Belgium"]
[WhiteFideId "13403052"]
[BlackFideId "200395"]
[EventDate "2015.11.13"]

1. e4 c5 2. Nf3 g6 3. d4 cxd4 4. Nxd4 Nc6 5. Nc3 Bg7 6. Be3 Nf6 7. Bc4 O-O 8.
Bb3 a5 9. f3 d5 10. Bxd5 Nxd5 11. exd5 Nb4 12. Nde2 Bf5 13. Rc1 Rc8 14. a3 Bxc3+
15. Nxc3 Nxc2+ 16. Rxc2 Bxc2 17. Qxc2 Qxd5 18. O-O Qc6 19. a4 b5 20. axb5 Qxb5
21. Qe4 Qb4 22. Qxb4 axb4 23. Nd5 Rc2 24. Nxe7+ Kg7 25. Nd5 b3 26. Bd4+ f6 27.
Ra1 Rc6 28. Bc3 Rf7 29. Ra5 Rb7 30. Kf2 Kf7 31. Ke3 Re6+ 32. Kd3 f5 33. g4 fxg4
34. fxg4 Rd6 35. Rc5 Ke6 36. Kc4 Kf7 37. Bb4 Ke6 38. Rc7 Rd7 39. Rc6+ Kf7 40.
Rf6+ Kg8 41. Rf4 Rf7 42. Nf6+ Kg7 43. g5 Rfc7+ 44. Kxb3 Rc1 45. Ne8+ 1-0

[Event "20th European Teams Women"]
[Site "Reykjavik ISL"]
[Date "2015.11.13"]
[Round "1.14"]
[Board "1"]
[White "Atalik, Ekaterina"]
[Black "Ptacnikova, Lenka"]
[Result "1-0"]
[WhiteTitle "IM"]
[BlackTitle "WGM"]
[WhiteElo "2385"]
[BlackElo "2189"]
[WhiteTeam "Turkey"]
[BlackTeam "Iceland"]
[WhiteFideId "4130189"]
[BlackFideId "305650"]
[EventDate "2015.11.13"]

1. d4 Nf6 2. c4 e6 3. Nf3 Bb4+ 4. Nbd2 O-O 5. a3 Be7 6. e4 d6 7. Bd3 Nc6 8. O-O
a5 9. b3 e5 10. d5 Nb8 11. Bb2 g6 12. Ne1 c6 13. g3 Bh3 14. Ng2 Na6 15. Rb1 Nc5
16. Bc2 Ng4 17. Qe2 Qb6 18. Rfd1 f5 19. exf5 gxf5 20. b4 axb4 21. axb4 Nd7 22.
c5 Qxb4 23. dxc6 bxc6 24. cxd6 Qxd6 25. Nf3 Qc7 26. Nf4 Nxf2 27. Bb3+ Kh8 28.
Rxd7 Qxd7 29. Nxe5 1-0

[Event "20th European Teams Women"]
[Site "Reykjavik ISL"]
[Date "2015.11.13"]
[Round "1.14"]
[Board "4"]
[White "Hauksdottir, Hrund"]
[Black "Isgandarova, Khayala"]
[Result "0-1"]
[BlackTitle "WIM"]
[WhiteElo "1775"]
[BlackElo "2200"]
[WhiteTeam "Iceland"]
[BlackTeam "Turkey"]
[WhiteFideId "2302608"]
[BlackFideId "13401823"]
[EventDate "2015.11.13"]

1. e4 c6 2. d4 d5 3. exd5 cxd5 4. Bd3 Nc6 5. c3 g6 6. Nf3 Bg7 7. O-O Nf6 8. Bf4
O-O 9. Nbd2 Bf5 10. Qc2 e6 11. Rae1 Rc8 12. Bxf5 gxf5 13. Nb3 Ne4 14. Ne5 Ne7
15. f3 Nd6 16. Qc1 Ng6 17. Bg5 Qc7 18. Bh6 a5 19. Nxg6 hxg6 20. h4 a4 21. Nc5 a3
22. Bxg7 Kxg7 23. Rxe6 Qb6 24. Re2 Rh8 25. g3 Qb5 26. Rfe1 b6 27. Nb3 axb2 28.
Qxb2 f4 29. g4 Qd3 30. Nd2 Rxh4 31. Qxb6 Rch8 32. Rg2 Qxd2 0-1

[Event "20th European Teams Women"]
[Site "Reykjavik ISL"]
[Date "2015.11.13"]
[Round "1.15"]
[Board "1"]
[White "Tuominen, Tanja"]
[Black "Zimina, Olga"]
[Result "0-1"]
[WhiteTitle "WIM"]
[BlackTitle "IM"]
[WhiteElo "2109"]
[BlackElo "2364"]
[WhiteTeam "Finland"]
[BlackTeam "Italy"]
[WhiteFideId "502340"]
[BlackFideId "4132190"]
[EventDate "2015.11.13"]

1. e4 c6 2. Nc3 d5 3. Nf3 Bg4 4. h3 Bxf3 5. Qxf3 e6 6. d3 d4 7. Ne2 Nf6 8. e5
Qa5+ 9. Bd2 Qxe5 10. O-O-O Na6 11. g4 Bc5 12. g5 Qd5 13. Qxd5 Nxd5 14. Bg2 O-O-O
15. Ng3 Bb4 16. Ne4 Bxd2+ 17. Kxd2 Nac7 18. Bf3 Nb5 19. Nc5 b6 20. Nb3 c5 21. a4
Nbc7 22. a5 h6 23. h4 hxg5 24. hxg5 Nf4 25. c3 Rxh1 26. Bxh1 dxc3+ 27. Kxc3 Nh3
28. Rf1 Nxg5 29. Rg1 Nh3 30. Rg3 Nxf2 31. Bg2 Nd5+ 32. Kd2 Nf4 33. Bf1 Ne4+ 0-1

[Event "20th European Teams Women"]
[Site "Reykjavik ISL"]
[Date "2015.11.13"]
[Round "1.15"]
[Board "2"]
[White "Brunello, Marina"]
[Black "Puuska, Heini"]
[Result "1-0"]
[WhiteTitle "FM"]
[BlackTitle "WFM"]
[WhiteElo "2292"]
[BlackElo "1967"]
[WhiteTeam "Italy"]
[BlackTeam "Finland"]
[WhiteFideId "822590"]
[BlackFideId "502324"]
[EventDate "2015.11.13"]

1. e4 g6 2. d4 Bg7 3. Nc3 d6 4. Be3 a6 5. Nf3 Nd7 6. Bc4 e6 7. a4 Ne7 8. Qd2 h6
9. h4 Nf6 10. Bd3 c6 11. e5 Nfd5 12. Ne4 dxe5 13. dxe5 Nxe3 14. Nd6+ Kf8 15.
Qxe3 Qa5+ 16. c3 Nf5 17. Bxf5 gxf5 18. Rh3 h5 19. Ng5 Qxe5 20. Qxe5 Bxe5 21.
Ndxf7 Bf6 22. Nxh8 Bxh8 23. Rd1 Ke7 24. Rhd3 Be5 25. Rd8 Bc7 26. Rh8 Bb6 27.
Rxh5 1-0